LEADER 03582nam 22006015 450 001 9910483643303321 005 20200630164100.0 010 $a88-470-2430-7 024 7 $a10.1007/978-88-470-2430-4 035 $a(CKB)3360000000366211 035 $a(SSID)ssj0000879540 035 $a(PQKBManifestationID)11486646 035 $a(PQKBTitleCode)TC0000879540 035 $a(PQKBWorkID)10853437 035 $a(PQKB)10304265 035 $a(DE-He213)978-88-470-2430-4 035 $a(PPN)16833383X 035 $a(EXLCZ)993360000000366211 100 $a20120320d2012 u| 0 101 0 $aita 135 $aurnn|008mamaa 181 $ctxt 182 $cc 183 $acr 200 10$aProbabilità in Fisica $eUn'introduzione /$fby Guido Boffetta, Angelo Vulpiani 205 $a1st ed. 2012. 210 1$aMilano :$cSpringer Milan :$cImprint: Springer,$d2012. 215 $a1 online resource (XII, 236 pagg.) 225 1 $aCollana di Fisica e Astronomia, Collana di Fisica e Astronomia,$x2038-5730 300 $aBibliographic Level Mode of Issuance: Monograph 311 $a88-470-2429-3 327 $aIntroduzione -- Qualche risultato con un pò di formalismo -- Teoremi Limite: il comportamento di sistemi con tante variabili -- Il moto Browniano: primo incontro con i processi stocastici -- Processi stocastici discreti: le catene di Markov -- Processi stocastici con stati e tempo continui -- Probabilità e sistemi deterministici caotici -- Oltre la distribuzione Gaussiana -- Entropia, informazione e caos -- Appendice: qualche risultato utile e complementi -- Soluzioni. 330 $aQuesto testo, che nasce dall'esperienza didattica degli autori, si propone di introdurre gli aspetti fondamentali della teoria della probabilità e dei processi stocastici, guardando con particolare attenzione alle connessioni con la meccanica statistica, il caos, le applicazioni modellistiche ed i metodi numerici. La prima parte è costituita da un' introduzione generale alla probabilità con particolare enfasi sulla probabilità condizionata, le densità marginali ed i teoremi limite. Nella seconda parte, prendendo spunto dal moto Browniano, sono presentati i concetti fondamentali dei processi stocastici  (catene di Markov,  equazione di Fokker- Planck). La terza parte è una selezione di argomenti avanzati che possono essere trattati in corsi della laurea specialistica. 410 0$aCollana di Fisica e Astronomia, Collana di Fisica e Astronomia,$x2038-5730 606 $aPhysics 606 $aProbabilities 606 $aStatistics  606 $aPhysics, general$3https://scigraph.springernature.com/ontologies/product-market-codes/P00002 606 $aProbability Theory and Stochastic Processes$3https://scigraph.springernature.com/ontologies/product-market-codes/M27004 606 $aStatistics for Engineering, Physics, Computer Science, Chemistry and Earth Sciences$3https://scigraph.springernature.com/ontologies/product-market-codes/S17020 615 0$aPhysics. 615 0$aProbabilities. 615 0$aStatistics . 615 14$aPhysics, general. 615 24$aProbability Theory and Stochastic Processes. 615 24$aStatistics for Engineering, Physics, Computer Science, Chemistry and Earth Sciences. 676 $a530 700 $aBoffetta$b Guido$4aut$4http://id.loc.gov/vocabulary/relators/aut$0517332 702 $aVulpiani$b Angelo$4aut$4http://id.loc.gov/vocabulary/relators/aut 906 $aBOOK 912 $a9910483643303321 996 $aProbabilità in Fisica$92843968 997 $aUNINA LEADER 01198nam0 22002773i 450 001 VAN00091662 005 20240806100651.868 010 $a88-324-3936-0 100 $a20121023d1991 |0itac50 ba 101 $aita 102 $aIT 105 $a|||| ||||| 200 1 $aOrganizzazione e tecnica di analisi delle procedure aziendali$el'incremento della produttività aziendale attraverso l'analisi delle procedure di lavoro$fMassimo Bianchi 210 $aMilano$cPirola$d1991 215 $aXI, 355 p.$d24 cm. 410 1$1001VAN00091663$12001 $aGestione e organizzazione aziendale$1210 $aMilano$cPirola.$v21 606 $aAziende$xOrganizzazione$3VANC006145$2FI 620 $dMilano$3VANL000284 700 1$aBianchi$bMassimo$3VANV074063$0172546 712 $aPirola $3VANV107884$4650 801 $aIT$bSOL$c20240906$gRICA 899 $aBIBLIOTECA DEL DIPARTIMENTO DI ECONOMIA$1IT-CE0106$2VAN03 912 $aVAN00091662 950 $aBIBLIOTECA DEL DIPARTIMENTO DI ECONOMIA$d03PREST IIAi72 $e03 30448 20121023 996 $aOrganizzazione e tecnica di analisi delle procedure aziendali$91409515 997 $aUNICAMPANIA